MARC details
| 000 -CABECERA |
| campo de control de longitud fija |
02537nam a22003017a 4500 |
| 008 - DATOS DE LONGITUD FIJA--INFORMACIÓN GENERAL |
| campo de control de longitud fija |
251020b |||||||| |||| 00| 0 eng d |
| 020 ## - NÚMERO INTERNACIONAL ESTÁNDAR DEL LIBRO |
| Número Internacional Estándar del Libro |
9782226455130 |
| 040 ## - FUENTE DE LA CATALOGACIÓN |
| Centro/agencia transcriptor |
TBS |
| 041 ## - CÓDIGO DE LENGUA |
| Código de lengua del texto/banda sonora o título independiente |
fre |
| Código de lengua original |
eng |
| 050 ## - SIGNATURA TOPOGRÁFICA DE LA BIBLIOTECA DEL CONGRESO |
| Número de clasificación |
PS3557.A715 |
| Número de documento/Ítem |
W3414 2023 |
| 100 ## - ENTRADA PRINCIPAL--NOMBRE DE PERSONA |
| Nombre de persona |
Gardner, Lisa |
| 9 (RLIN) |
26198 |
| Término indicativo de función/relación |
author |
| 240 ## - TÍTULO UNIFORME |
| Título uniforme |
When you see me. |
| Lenguaje de la obra |
French. |
| 245 ## - MENCIÓN DE TÍTULO |
| Título |
Au premier regard |
| Mención de responsabilidad, etc. |
/ Lisa Gardner ; translated by Cécile Deniard. |
| 260 ## - PUBLICACIÓN, DISTRIBUCIÓN, ETC. |
| Lugar de publicación, distribución, etc. |
Paris : |
| Nombre del editor, distribuidor, etc. |
Albin Michel, |
| Fecha de publicación, distribución, etc. |
2023. |
| 300 ## - DESCRIPCIÓN FÍSICA |
| Extensión |
473 pages ; |
| Dimensiones |
23 cm. |
| 520 ## - SUMARIO, ETC. |
| Sumario, etc. |
« Un thriller palpitant et diablement féministe. » Paris Match<br/><br/>L'agent du FBI Kimberly Quincy, le commandant D.D. Warren et Flora Dane, les trois héroïnes de Lisa Gardner de nouveau réunies dans un thriller à couper le souffle.<br/><br/>Macabre découverte dans un petite ville de Géorgie. Les restes d'un corps humain, puis bientôt un charnier, révélés au grand jour... Est-ce le testament de Jacob Ness, le tueur en série qui a défrayé la chronique pendant des années avant d'être abattu ? Ou l'oeuvre d'un complice ?<br/><br/>Aux côtés de la courageuse Flora Dane, survivante de Jacob Ness devenue justicière, les enquêtrices vont unir leurs forces dans une affaire sans précédent, dont une jeune fille, témoin impuissante de l'horreur, détient la vérité. Mais comment la protéger ? |
| 520 ## - SUMARIO, ETC. |
| Sumario, etc. |
“A gripping and fiercely feminist thriller.” — Paris Match<br/><br/>FBI agent Kimberly Quincy, Sergeant D.D. Warren, and Flora Dane—Lisa Gardner’s three unforgettable heroines—come together once again in a breathtaking new thriller.<br/><br/>A gruesome discovery is made in a small Georgia town: the remains of a human body, soon followed by the uncovering of a mass grave. Is this the legacy of Jacob Ness, the notorious serial killer who dominated headlines for years before being shot dead? Or the work of an accomplice?<br/><br/>Alongside the brave Flora Dane—Jacob Ness’s former captive turned vigilante—the investigators join forces on an unprecedented case, one in which a young girl, a helpless witness to the horror, holds the key to the truth. But how can they protect her? |
| 650 #0 - PUNTO DE ACCESO ADICIONAL DE MATERIA--TÉRMINO DE MATERIA |
| Término de materia o nombre geográfico como elemento de entrada |
Victims of crimes |
| Subdivisión de forma |
Fiction |
| 9 (RLIN) |
26199 |
| 650 #0 - PUNTO DE ACCESO ADICIONAL DE MATERIA--TÉRMINO DE MATERIA |
| Término de materia o nombre geográfico como elemento de entrada |
Serial murderers |
| Subdivisión de forma |
Fiction |
| 9 (RLIN) |
26200 |
| 650 #0 - PUNTO DE ACCESO ADICIONAL DE MATERIA--TÉRMINO DE MATERIA |
| Término de materia o nombre geográfico como elemento de entrada |
Young women |
| Subdivisión de forma |
Fiction |
| 9 (RLIN) |
24099 |
| 650 #0 - PUNTO DE ACCESO ADICIONAL DE MATERIA--TÉRMINO DE MATERIA |
| Término de materia o nombre geográfico como elemento de entrada |
Small cities |
| Subdivisión de forma |
Fiction |
| 9 (RLIN) |
26201 |
| 650 #0 - PUNTO DE ACCESO ADICIONAL DE MATERIA--TÉRMINO DE MATERIA |
| Término de materia o nombre geográfico como elemento de entrada |
Mutism |
| Subdivisión de forma |
Fiction |
| 9 (RLIN) |
26202 |
| 655 #0 - TÉRMINO DE INDIZACIÓN--GÉNERO/FORMA |
| Datos o término principal de género/forma |
Thrillers (Fiction) |
| 9 (RLIN) |
22669 |
| 655 #0 - TÉRMINO DE INDIZACIÓN--GÉNERO/FORMA |
| Datos o término principal de género/forma |
Detective and mystery fiction |
| 9 (RLIN) |
23664 |
| 655 #0 - TÉRMINO DE INDIZACIÓN--GÉNERO/FORMA |
| Datos o término principal de género/forma |
Psychological fiction |
| 9 (RLIN) |
22456 |
| 700 ## - ENTRADA AGREGADA--NOMBRE PERSONAL |
| Nombre de persona |
Deniard, Cécile |
| 9 (RLIN) |
26203 |
| Término indicativo de función/relación |
translator |
| 942 ## - ELEMENTOS DE ENTRADA AGREGADA (KOHA) |
| Fuente del sistema de clasificación o colocación |
Clasificación de Library of Congress |